000 01429nam a22003257a 4500
003 DO-SdBPM
005 20260325131039.0
008 161031b1996 xxu a 00| 0 spa d
020 _a0673762440
040 _aDO-SdBPM
_bspa
_cBPMSU
_erda
082 0 4 _a782.42
_bV364t 1996
_222
100 1 _aVaughan, Marcia
_eautora
_4aut.
245 1 0 _aTra-la-la /
_cMarcia Vaughan ; ilustraciones Kim Howard ;
260 _b
264 _aEstados Unidos :
_bCelebration Press,
_c1996.
300 _a16 páginas :
_bilustración ;
_c18 cm.
336 _atexto
_btxt
_2rdacontent
337 _asin mediación
_bn
_2rdamedia
338 _avolumen
_bnc
_2rdacarrier
490 0 _aPequeñitas celebraciones
521 _aTra-la-la" es una invitación al juego sonoro. A través de personajes sencillos y situaciones cotidianas, Marcia Vaughan utiliza la repetición de sonidos musicales para que el niño participe activamente en la lectura. Es un libro diseñado para ser "cantado" más que leído, ideal para fortalecer el vínculo afectivo y la seguridad del pequeño lector al anticipar el sonido final
590 _aInventariado, 2026/VM
650 7 _aCanciones infantiles.
_x
650 7 _a Literatura infantil
_x
650 7 _aLibros ilustrados para niños
650 7 _aMúsica infantil
_xEnseñanza.
700 1 _aHoward, Kim
_eilustración
910 _aVMateo V. Control de calidad. BPMSU
942 _2ddc
_cBK
999 _c12733
_d12733